The little data book on information and communication technology. (Record no. 11578)

000 -LEADER
fixed length control field 00551nam a2200181Ia 4500
040 ## - CATALOGING SOURCE
Transcribing agency CaPaEBR
082 ## - DEWEY DECIMAL CLASSIFICATION NUMBER
Classification number 384 EOR 2007 A015 Or.
245 04 - TITLE STATEMENT
Title The little data book on information and communication technology.
260 ## - PUBLICATION, DISTRIBUTION, ETC. (IMPRINT)
Place of publication Washington, D.C. :
Name of publisher World Bank,
Year of publication 2007
300 ## - PHYSICAL DESCRIPTION
Number of Pages vi, 229 p
490 0# - SERIES STATEMENT
Series statement Little data book on information and communication technology ;
650 #0 - SUBJECT ADDED ENTRY--TOPICAL TERM
Topical Term Telecommunication
650 #0 - SUBJECT ADDED ENTRY--TOPICAL TERM
Topical Term Telecommunication
650 #0 - SUBJECT ADDED ENTRY--TOPICAL TERM
Topical Term Information technology
650 #0 - SUBJECT ADDED ENTRY--TOPICAL TERM
Topical Term Information technology
710 2# - ADDED ENTRY--CORPORATE NAME
Corporate name or jurisdiction name as entry element ebrary, Inc
942 ## - ADDED ENTRY ELEMENTS (KOHA)
Koha item type សៀវភៅភាសាអង់គ្លេស
952 ## - LOCATION AND ITEM INFORMATION (KOHA)
Withdrawn status [LOCAL, KOHA] 0
Holdings
Permanent Location Date acquired Koha item type Lost status Shelving location Barcode Current Location Full call number
Library Block A2017-08-03សៀវភៅភាសាអង់គ្លេស A015A10075Library Block A384 EOR 2007 A015 Or.
មជ្ឈមណ្ឌលឯការនៃសាកលវិទ្យាល័យភូមិន្ទកសិកម្មចំការដូង

Powered by Koha